Coupe du Monde de Football Masculin - 4 premières places - Statistiques

Statistiques générales
  • Ce quiz a été pris 210 032 fois
    207 432 depuis la dernière actualisation
  • Le résultat moyen est 18 sur 25
Statistiques - réponses
Pays % Correct
Argentine
100%
France
100%
Brésil
99%
Allemagne
98%
Espagne
98%
Italie
97%
Croatie
96%
Maroc
95%
Angleterre
94%
Belgique
91%
Uruguay
90%
Portugal
89%
Pays-Bas
87%
Suède
64%
États-Unis
63%
Chili
54%
Pologne
54%
Corée du Sud
48%
Turquie
48%
Hongrie
45%
Union Soviétique
43%
Autriche
39%
Yougoslavie
33%
Bulgarie
27%
Tchécoslovaquie
24%
Aucun quiz correspondant
Distribution des résultats
% des personnes avec chaque résultat
Percentile par nombre de réponses
Votre historique - résultats
Vous n’avez pas pris ce quiz depuis la dernière actualisation